000 00970nam a22002537a 4500
005 20170124103039.0
010 _aA-521228
020 _c90.00
035 _aA-521228
037 _bCen Lib/Ret
040 _aDPL
_bHN
082 _a
_bगोयल
100 _aगोयल, हरीश
_966643
245 _aकालजयी यात्रा /
_cहरीश गोयल
246 _aKaaljyi yatra
_b by Harish Goyal
260 _aअजमेर
_bशब्द साधना
_c1990
270 _a59, शाश्त्री नगर
_bअजमेर
_e305001
300 _a248पृष्ठ. :
_c20सेमी(सजिल्द)
_bचित्र.
650 _aहिंदी साहित्य
_966644
650 _aहिंदी उपन्यास - वैज्ञानिक
_966645
650 _aHindi literature
_966646
650 _ahindi novel - Scientific
_966647
942 _2ddc
_cHN
_h
_mगोयल
999 _c116459
_d116459